|
|
|
|
| LEADER |
02028nam a2200457 i 4500 |
| 001 |
EBC1649066 |
| 003 |
MiAaPQ |
| 005 |
20200520144314.0 |
| 006 |
m o d | |
| 007 |
cr cnu|||||||| |
| 008 |
140614t20102004enkab ob 001 0 eng d |
| 020 |
|
|
|z 9780710308016
|
| 020 |
|
|
|a 9780203039755
|q (electronic bk.)
|
| 035 |
|
|
|a (MiAaPQ)EBC1649066
|
| 035 |
|
|
|a (Au-PeEL)EBL1649066
|
| 035 |
|
|
|a (CaPaEBR)ebr10877299
|
| 035 |
|
|
|a (CaONFJC)MIL761946
|
| 035 |
|
|
|a (OCoLC)900343594
|
| 040 |
|
|
|a MiAaPQ
|b eng
|e rda
|e pn
|c MiAaPQ
|d MiAaPQ
|
| 043 |
|
|
|a a-tu---
|
| 050 |
|
4 |
|a HC492
|b .O886 2010
|
| 082 |
0 |
|
|a 956.1/015
|2 23
|
| 245 |
0 |
4 |
|a The Ottoman state and societies in change :
|b a study of the nineteenth century Temettuat registers /
|c edited by Hayashi Kayoko and Mahir Aydn.
|
| 264 |
|
1 |
|a Oxfordshire, England ;
|a New York :
|b Routledge,
|c 2010.
|
| 264 |
|
4 |
|c 2004
|
| 300 |
|
|
|a 1 online resource (277 pages) :
|b illustrations, maps.
|
| 336 |
|
|
|a text
|2 rdacontent
|
| 337 |
|
|
|a computer
|2 rdamedia
|
| 338 |
|
|
|a online resource
|2 rdacarrier
|
| 490 |
1 |
|
|a Islamic Area Studies ;
|v Volume 5
|
| 504 |
|
|
|a Includes bibliographical references and index.
|
| 588 |
|
|
|a Description based on online resource; title from PDF title page (ebrary, viewed June 13, 2014).
|
| 590 |
|
|
|a Electronic reproduction. Ann Arbor, MI : ProQuest, 2015. Available via World Wide Web. Access may be limited to ProQuest affiliated libraries.
|
| 651 |
|
0 |
|a Turkey
|x Economic conditions
|y 1288-1918.
|
| 655 |
|
4 |
|a Electronic books.
|
| 700 |
1 |
|
|a Kayoko, Hayashi,
|e editor.
|
| 700 |
1 |
|
|a Aydn, Mahir,
|e editor.
|
| 776 |
0 |
8 |
|i Print version:
|t Ottoman state and societies in change : a study of the nineteenth century Temettuat registers.
|d Oxfordshire, England ; New York : Routledge, c2004, 2010
|h xi, 264 pages
|k Islamic area studies ; Volume 5.
|z 9780710308016
|
| 797 |
2 |
|
|a ProQuest (Firm)
|
| 830 |
|
0 |
|a Islamic area studies ;
|v Volume 5.
|
| 856 |
4 |
0 |
|u https://ebookcentral.proquest.com/lib/matrademy/detail.action?docID=1649066
|z Click to View
|